| 000 | 00595nam a2200205Ia 4500 | ||
|---|---|---|---|
| 008 | 191130s1994##################000#0#eng## | ||
| 020 | _a9780521425407 | ||
| 040 |
_aACL _cACL |
||
| 082 | _a428.64 LIN | ||
| 100 | _aLindop, Christine | ||
| 245 |
_aThe new Cambridge English course readers _cChristine Lindop; Dominic Fisher |
||
| 250 | _a1st ed | ||
| 260 |
_aCambridge _bCambridge University Press _c1994 |
||
| 300 | _a48 p | ||
| 500 | _aIncludes index | ||
| 650 | _aEnglish language -- Reading books | ||
| 990 | _a552ad35aac10000c1e8bc6238927e8e5 | ||
| 991 | _a410298 | ||
| 999 |
_c60719 _d60719 |
||